000 02234namaa2200445uu 4500
001 doab135181
003 oapen
005 20260218110427.0
006 m o d
007 cr|mn|---annan
008 240307s2024 xx |||||o ||| 0|eng d
020 _a9780854660704
020 _a9780854660711
020 _a9780854660728
020 _aintechopen.111228
024 7 _a10.5772/intechopen.111228
_2doi
040 _aoapen
_coapen
_d
041 0 _aeng
042 _adc
720 1 _aAbdelaziz, Almoataz Y.
_4edt
245 0 0 _aAdvances in Solar Photovoltaic Energy Systems
260 _bIntechOpen
_c2024
300 _a1 online resource (134 p.)
336 _atext
_btxt
_2rdacontent
337 _acomputer
_bc
_2rdamedia
338 _aonline resource
_bcr
_2rdacarrier
506 0 _fUnrestricted online access
_2star
520 _aThis book offers a thorough review of new ideas and developments for solar photovoltaic (PV) energy systems. Efforts to reduce costs often take two forms: enhancing the materials and physical construction of PV cells and utilizing power electronic circuits with the PV generator to increase the system's efficiency. Furthermore, random climatic factors, such as temperature and irradiance, have a significant impact on PV system performances. As a result, modeling PV panels and creating optimization plans to maximize power extracted and boost efficiency under various irradiance circumstances are crucial tasks. This book provides a comprehensive overview of cutting-edge techniques in solar PV energy systems.
540 _aCreative Commons
_fhttps://creativecommons.org/licenses/by/3.0/
_2cc
_uhttps://creativecommons.org/licenses/by/3.0/
546 _aEnglish
650 7 _aAlternative & renewable energy sources & technology
_2bicssc
720 1 _aAbdelaziz, Almoataz Y.
_4oth
720 1 _aEl Ouanjli, Najib
_4edt
720 1 _aEl Ouanjli, Najib
_4oth
720 1 _aMossa, Mahmoud A.
_4edt
720 1 _aMossa, Mahmoud A.
_4oth
793 0 _aDOAB Library.
856 _uhttps://docs.google.com/spreadsheets/d/1yKIrdCPDAG_9c22mwoOIO2DOhtj65Wqa/edit?usp=sharing&ouid=106555315294820607512&rtpof=true&sd=true
_yList of Curated E-Books
942 _cE-BOOK
999 _c80935
_d80934